Регионална библиотека "Любен Каравелов" - Русе

Попи (Запис номер 130575)

MARC детайли
000 -Лидер
Контролно поле с фиксирана дължина 01552nam a2200373 c 4500
003 - Код на организацията, давaща контролен номер
Контролно поле BLK
005 - Дата и час на последна редакция
Контролно поле 20250628154819.0
008 - Елементи от данни с фиксирана дължина
fixed length control field 180409b bul|||||r ||||||| ||bul||
010 ## - Наследен системен номер
LC control number KNG00136341000
020 ## - Международен стандартен номер на книга ISBN
Международен стандартен номер на книга ISBN 978-954-9625-98-1
-- издат.: Ергон
040 ## - Източник на каталожния запис
Идентификатор на билиотеката - собственик на записа BLK
041 ## - Код за език
Код за езика на текст/звукозапис или на отделно заглавие Български
Код за езика КДБФ Български
072 #7 - Код за тематичната категория
Код организация bullib
Код за тематична категория Н83
Текст Чужда художествена литература Н
080 ## - УДК
Текстов определител УДК Американска литература (на САЩ)
УДК код - определител по УДК 821.111(73)
УДК определител -31
УДК - код + определител 821.111(73)-31
100 1# - Редна дума - Автор
Автор Клейпас, Лайза
Авторска отговорност първи автор
R(LIN) 79634
139 ## - Редно поле
Редна дума Клейпас, Лайза
Авторски знак Кла - К 63
245 10 - Сведения за заглавието
Заглавие Попи
Подзаглавни данни Роман
Редно поле (дума) Лайза Клейпас; прев. от англ. Диана Христова Райкова.
257 ## - Страна на издаване
Страна на създаване/издаване Съединени американски щати
260 ## - Област на издателските данни
-- София
Име на издателя, разпространителя и проч. Ергон
Година на издаване 2012
Печатница София : Инвестпрес
300 ## - Физическа характеристика
Страници 328 с.
Размери/Мащаб 20 см
380 ## - Жанр
Жанр Худож. лит.
490 1# - СЕРИИ (Колекции)
Име на серия Библиотека Любов и Съдба
490 1# - СЕРИИ (Колекции)
-- Подсерия
Име на серия Сага Хатауей
№: серия Кн. 3
500 ## - Общи забележки
Забележка Ориг. загл. Tempt Me at Twilight / Lisa Kleypas. - Кн. 3 от сагата Хатауей.
653 ## - Ключова дума – ненормативна
Ключова дума романтична проза
659 ## - Тематичен бюлетин
Тематичен бюлетин Н
700 1# - Други автори (авторска отговорност)
Лично име Райкова, Диана Христова
Автороска отговорност (Описва отношението между автора и произведението) прев. от англ.
9 (RLIN) 368973
852 ## - Местоположение
Форматна сигнатура Цб 256881
856 4# - Електронен адрес и достъп
Електронен формат pdf - файл
Път до файла /url/
856 4# - Електронен адрес и достъп
Електронен формат pdf - файл
Път до файла /url/
942 ## - АРТИКУЛИ
Вид на библиотечния материал Книги
Скрит в OPAC Не
Koha issues (borrowed), all copies 40
944 ## - СЪЗДАВАНЕ И РЕДАКЦИЯ на ЗАПИСА
Създаване/Редакция Създаване
Дата на регистрацията/редакция 08.07.2009
Статус, дата на статуса Мартин Енчев
Служител, извършил регистрацията/редакцията 30575
944 ## - СЪЗДАВАНЕ И РЕДАКЦИЯ на ЗАПИСА
Създаване/Редакция Редакция
Дата на регистрацията/редакция 16.09.2015
Статус, дата на статуса ф /
Служител, извършил регистрацията/редакцията Пенка_Димитрова
999 ## - СИСТЕМНИ КОНТРОЛНИ НОМЕРА
Koha biblionumber 130575
Koha biblioitemnumber 130575
Наличности
Код за отписване Код за изгубен артикул Източник на класификационната схема Код за повреда Коз за рестрикции Код за отдаване Артикулен № Име на библиотеката - собственик Име на библиотеката, в която се намира в момента Статус (Текущо местоположение) Дата на вписване в системата Местоположение - отдел Цена в лева Инвентарен номер Систематично азбучна сигнатура Баркод Номер на екземпляра Цена в евро Служебна бележка Служебен тип на артикула
  Не е изгубен Universal Decimal Classification Не е повреден без рестрикции заемане за дома 212447 Регионална библиотека "Любен Каравелов" Русе Регионална библиотека "Любен Каравелов" Русе Заемна - подръчен фонд 2012-11-21 Заемна - подръчен фонд 9.49 120000761188 821-31/К 83 Л 120000761188 1 4.85 Дост: Pk Вид: Ф N: 820000048 Дата: 09.11.2012 Дата инв: 15.02.2018 Бележки инв: П2018 Книги
  Не е изгубен   Не е повреден без рестрикции ползва се в читалня 212448 Регионална библиотека "Любен Каравелов" Русе Регионална библиотека "Любен Каравелов" Русе Хранилище 2015-09-17 Хранилище 12.99 120000792659 Цб 256881 120000792659 2 6.64 Дост: Dp Вид: Д N: 27 Дата: 18.06.2015 Книги
Vip Innovations Ltd, Rousse, Bulgaria 2025